Economic and property market review UK (Record no. 118908)
[ view plain ]
| 000 -LEADER | |
|---|---|
| fixed length control field | 00935cas a22002295a 4500 |
| 001 - CONTROL NUMBER | |
| control field | L137672 |
| 008 - FIXED-LENGTH DATA ELEMENTS--GENERAL INFORMATION | |
| fixed length control field | 110513c2010 xxkqr ws ss 000 00eng d |
| 035 ## - SYSTEM CONTROL NUMBER | |
| System control number | (Sirsi) u137672 |
| 041 0# - LANGUAGE CODE | |
| Language code of text/sound track or separate title | eng |
| 110 2# - MAIN ENTRY--CORPORATE NAME | |
| Corporate name or jurisdiction name as entry element | GVA |
| 9 (RLIN) | 5945 |
| 245 00 - TITLE STATEMENT | |
| Title | Economic and property market review UK |
| Medium | [electronic resource] |
| 260 ## - PUBLICATION, DISTRIBUTION, ETC. | |
| Place of publication, distribution, etc. | London |
| Name of publisher, distributor, etc. | GVA |
| Date of publication, distribution, etc. | 2010 |
| 362 0# - DATES OF PUBLICATION AND/OR SEQUENTIAL DESIGNATION | |
| Dates of publication and/or sequential designation | Q4 2010- |
| 490 #0 - SERIES STATEMENT | |
| Series statement | Economic and Property Market Review UK |
| 520 ## - SUMMARY, ETC. | |
| Summary, etc. | Gives an overview of economic trends impacting on the commercial property market. Highlights recent occupier trends, outlook for occupier market performance, investment performance and market outlook. |
| 554 ## - | |
| -- | Quarterly |
| 650 24 - SUBJECT ADDED ENTRY--TOPICAL TERM | |
| Topical term or geographic name entry element | GVA GRIMLEY ECONOMIC AND PROPERTY MARKET REVIEW UK |
| 651 #4 - SUBJECT ADDED ENTRY--GEOGRAPHIC NAME | |
| Geographic name | United Kingdom |
| Chronological subdivision | |
| 690 ## - LOCAL SUBJECT ADDED ENTRY--TOPICAL TERM (OCLC, RLIN) | |
| Topical term or geographic name as entry element | Commercial property |
| 9 (RLIN) | 6227 |
| 856 40 - ELECTRONIC LOCATION AND ACCESS | |
| Uniform Resource Identifier | <a href="https://www.gva.co.uk/research/economic-and-property-market-review/">https://www.gva.co.uk/research/economic-and-property-market-review/</a> |
| Public note | View the item free of charge at www.gva.co.uk |
| 942 ## - ADDED ENTRY ELEMENTS (KOHA) | |
| Suppress in OPAC | 0 |
| Withdrawn status | Lost status | Source of classification or shelving scheme | Damaged status | Not for loan | Home library | Current library | Shelving location | Date acquired | Total Checkouts | Full call number | Barcode | Date last seen | Copy number | Price effective from | Koha item type |
|---|---|---|---|---|---|---|---|---|---|---|---|---|---|---|---|
| Dewey Decimal Classification | Virtual | Virtual | Online | 24/04/2007 | ONLINE PUBLICATION | 137672-2001 | 06/08/2019 | 1 | 06/08/2019 | Book |